000 01034nam a2200229Ia 4500
003 Ost
005 20260507075030.0
008 260507s9999||||xx |||||||||||||| ||und||
020 _a3107403977
040 _cfsecg
041 _aara
082 _a330
100 _aمحرز، أحمد محمد
_eمؤلف
245 0 _aالنظام القانوني للخصخصة :
_bتحول شركات القطاع العام إلى شركات القطاع الخاص /
_c أحمد محمد محرز
260 _aالاسكندرية:
_bمنشأة المعارف,
_c2003
300 _a389 صفحة؛
_bإيضاحات ؛
_c24 سم
520 _aالنظام القانوني لخصخصة الشركات العامة في فرنسا، النظام القانوني للخصخصة في مصر، الخصخصة عن طريق عرض الاوراق المالية من خلال بورصة الأوراق المالية
653 _aالشركات
653 _aالقطاع الخاص
653 _aالقطاع العام
942 _cكتاب
999 _c42389
_d42389